000 00535nam a2200193Ia 4500
005 20250508161956.0
008 008 250505s9999 xx 000 0 eng d
020 _a0-674-63525-6
037 _aTextual
040 _aFEDL
_beng
_cFEDL
041 _aeng
_2eng
084 _a153.4, BRU
_qFEDL
100 _aBruner Jerome S.
245 0 _aOn knowing: Essays for the left hand
260 _aCambridge
_bOxford University Press
_c1979
300 _axii,189p
942 _cTEXL
_h153.4, BRU
999 _c1373601
_d1373601